zpět

Detail výsledku týmu

Suzie's, Brno

Datum a čas kvízu

34 Celkem bodů Celkový počet nahraných bodů na tomto kvízu bez doplňovacích otázek.
4. Pořadí na kvízu Konečné umístění týmu na tomto kvízu.

Zaznamenané odpovědi

# Otázka Odpověď Body Výsledky
1. Jedna oblíbená česká služba do... Dáme jídlo 1
2. Fotografie státní tajemnice pr... Francie 0
3. Jeden český umělec se v ponděl... Michal Hrůza 1
4. Jak se nazývá menší banka patř... Hello bank! 0
5. Český sport slaví diplomatický... Petr Fousek 1
6. Podstatou biotechnologií je vy... 2 (1928), Alexander Fleming 0.5
7. Kontroverzní americká společno... Roundup 1
8. „Miliardy spojenců lactobacill... Actimel 1
9. Využití mikroorganismů k získá... kombucha 1
10. Biotechnologické téma zakončí... C 0